000 01058naa a2200229 4500
001 216223525
003 UA-OsUOA
005 20250214141137.0
008 230302b un ||||| |||| 00| 0 ukr d
040 _aUA-OsUOA
_bukr
_cUA-OsUOA
_dUA-OsUOA
041 _aukr
080 _a908
090 _a908
100 _aЗавальнюк К. В.
_918791
245 _aКнязі Острозькі та Східне Поділля
_cК.В. Завальнюк, І.М. Журавлівський
300 _aС.9–12
650 _2UDC
700 1 _aЖуравлівський І.М.
_918792
773 0 _0573672
_9468397
_aСтарокостянтинівська міська рада
_dСтарокостянтинів Бицик Ю. В. 2017
_o165432
_tКнязі Острозькі в історії Центрально-Східної Європи: минуле і сучасність
_z9786177094643
942 _2udc
_cBKA
999 _c573902
_d573902